Персидские юмористические и сатирические рассказы

書目詳細資料
其他作者: Дорри Д. Х. (переводчик), Раковская Н. (иллюстратор)
語言:俄语
出版: Москва, Правда, 1988
主題:
格式: MixedMaterials 圖書
KOHA link:https://koha.lib.tpu.ru/cgi-bin/koha/opac-detail.pl?biblionumber=129036

MARC

LEADER 00000nam0a2200000 4500
001 129036
005 20240815160532.0
035 |a (RuTPU)RU\TPU\book\139631 
090 |a 129036 
100 |a 20080118d1988 m y0rusy5003 ca 
101 1 |a rus  |c per 
102 |a RU 
105 |a a z 000ay 
200 1 |a Персидские юмористические и сатирические рассказы  |f пер. с перс. и предисл. Д. Х. Дорри ; худож. Н. Раковская 
210 |a Москва  |c Правда  |d 1988 
215 |a 480 с.  |c ил.  |d 22 см 
327 1 |a Содерж.: Авт.: М. А. Джамальзаде, Х. Шахани, Ф. Тонкабони, Г. Саэди, А. Пахлаван 
606 1 |a Иранская литература  |9 39794 
610 1 |a персидская литература 
610 1 |a сатира 
610 1 |a юмор 
675 |a 891.5  |v 4 
702 1 |a Дорри  |b Д. Х.  |4 730 
702 1 |a Раковская  |b Н.  |4 440 
801 0 |a RU  |b RuMRKP  |c 19950417  |g psbo 
801 1 |a RU  |b 63413507  |c 20080118  |g PSBO 
801 2 |a RU  |b 63413507  |c 20080118  |g PSBO 
942 |c BK